000 00409nam a2200181Ia 4500
005 20250423094628.0
008 250422s9999 xx 000 0 und d
020 _a0-915793-48-2
050 _aHQ799.15.P33
100 _aAlex J. Packer, Ph.D.
245 0 _aBringing Up Parents
260 _aUSA
260 _bAlex J. Packer
260 _c1993
300 _a264 p
650 _aEducation
942 _cBK
999 _c27816
_d27816